000 00258nam a2200121Ia 4500
008 190216s9999||||xx |||||||||||||| ||und||
100 _aNull
245 0 _aChandralekha
260 _bPoorna Pubs Kozhikode
300 _a112p
650 _aNovel
942 _cBK
999 _c26892
_d26892